Les ballons d'or depuis 1956 - Statistiques

Statistiques générales
  • Ce quiz a été pris 216 fois
    72 depuis la dernière actualisation
  • Le résultat moyen est 50 sur 68
Statistiques - réponses
Année Nationalité Joueur % Correct
1998 France Zinédine Zidane
98%
2013 Portugal Cristiano Ronaldo
96%
2014 Portugal Cristiano Ronaldo
96%
2016 Portugal Cristiano Ronaldo
96%
2017 Portugal Cristiano Ronaldo
96%
2022 France Karim Benzema
96%
2009 Argentine Lionel Messi
96%
2011 Argentine Lionel messi
96%
2012 Argentine Lionel Messi
96%
2019 Argentine Lionel Messi
96%
2021 Argentine Lionel Messi
96%
2023 Argentine Lionel Messi
96%
2018 Croatie Luka Modric
96%
2005 Brésil Ronaldinho
96%
2008 Portugal Cristiano Ronaldo
94%
2010 Argentine Lionel Messi
94%
2015 Argentine Lionel Messi
94%
2007 Brésil Ricardo Kaka
94%
2024 Espagne Rodri
92%
2004 Ukraine Andriy Chevtchenko
90%
1995 Libéria George Weah
90%
1983 France Michel Platini
90%
1984 France Michel Platini
90%
1985 France Michel Platini
90%
2003 République tchèque Pavel Nedved
90%
2002 Brésil Ronaldo
90%
1997 Brésil Ronaldo
88%
2006 Italie Fabio Cannavaro
85%
2000 Portugal Luis Figo
85%
2001 Angleterre Michael Owen
85%
1991 France Jean-Pierre Papin
83%
1958 France Raymond Kopa
83%
1973 Pays-Bas Johan Cruyff
81%
1974 Pays-Bas Johan Cruyff
81%
1999 Brésil Rivaldo
81%
1987 Pays-Bas Ruud Gullit
81%
1988 Pays-Bas Marco Van Basten
79%
1989 Pays-Bas Marco Van Basten
79%
1957 Espagne/Argentine Alfredo Di Stéfano
77%
1959 Espagne/Argentine Alfredo Di Stéfano
77%
1963 Russie Lev Yashine
77%
1965 Portugal Eusébio
75%
1971 Pays-Bas Johan Cruyff
75%
1992 Pays-Bas Marco Van Basten
75%
1993 Italie Roberto Baggio
73%
1968 Irlande du Nord George Best
69%
1972 Allemagne Franz Beckenbauer
63%
1970 Allemagne Gerd Müller
63%
1994 Bulgarie Hristo Stoichkov
63%
1966 Angleterre Bobby Charlton
60%
1976 Allemagne Franz Beckenbauer
58%
1990 Allemagne Lothar Matthaus
56%
1960 Espagne Luis Suarez
56%
1996 Allemagne Matthias Sammer
50%
1956 Angleterre Stanley Matthews
50%
1982 Italie Paolo Rossi
48%
1980 Allemagne Karl-Heinz Rummenigge
44%
1981 Allemagne Karl-Heinz Rummenigge
44%
1978 Angleterre Kevin Keegan
38%
1979 Angleterre Kevin Keegan
38%
1975 URSS Oleg Blokhine
31%
1977 Danemark Allan Simonsen
29%
1964 Ecosse Denis Law
29%
1967 Hongrie Florian Albert
29%
1986 URSS Igor Belanov
29%
1969 Italie Gianni Rivera
27%
1961 Italie/Argentine Omar Sivori
23%
1962 Tchécoslovaquie Josef Masopust
21%
Aucun quiz correspondant
Distribution des résultats
% des personnes avec chaque résultat
Percentile par nombre de réponses
Votre historique - résultats
Vous n’avez pas pris ce quiz depuis la dernière actualisation